| 000 | 00361nam a2200145Ia 4500 | ||
|---|---|---|---|
| 008 | 230917s9999||||xx |||||||||||||| ||und|| | ||
| 040 |
_e110861 _aMAIN |
||
| 041 | _aEnglish | ||
| 082 | _a294.12 S24R | ||
| 100 | _aShastri, Dinesh chandra. | ||
| 245 | 0 | _aRigveda mein upama. | |
| 260 |
_aDelhi _bSanskrit Grantha Ghar _c2004 |
||
| 300 | _a255 p. | ||
| 942 | _cBK | ||
| 999 |
_c131089 _d131089 |
||